000 00834nam a2200229Ia 4500
005 20170802142542.0
010 _aBAC-CH25
020 _a9780143331681
_cRs.125.00
035 _aB-555250-285
035 _aG-003179
035 _aB-667190
037 _bAakar/Ven
082 _aS
100 _aPattanaik, Devdutt
245 _aFun in Devlok:
_cBy Devdutt Pattanaik
_bIndra Finds Happiness /
260 _aNew delhi
_bPuffin Books
_c2014
300 _a50p.:
_bill.
_c20cm(pbk)
942 _cCH
_2ddc
_mPAT
_hS
999 _c85651
_d85651